Detalles MARC
| 000 -LIDER |
| fixed length control field |
02253nam a2200409 a 4500 |
| 001 - NÚMERO DE CONTROL |
| Identificador de número de control |
000015735 |
| 003 - IDENTIFICACDOR DE NÚMERO DE CONTROL |
| control field |
DO-SdBNP |
| 005 - DATE AND TIME OF LATEST TRANSACTION |
| control field |
20180309133147.0 |
| 007 - CAMPOS FIJOS DE DESCRIPCIÓN FÍSICA |
| fixed length control field |
000015735 |
| 008 - ELEMENTOS DE LONGITUD FIJA |
| fixed length control field |
091118s2014 dr abc 000 0 spa d |
| 020 ## - ISBN |
| International Standard Book Number |
9789945118391 |
| 040 ## - FUENTE DE CATALOGACIÓN |
| Agencia que crea de manera original el registro |
BPMSU |
| Idioma de catalogación |
spa |
| Agencia que realiza la transcripción |
BPMSU |
| 092 ## - LOCALLY ASSIGNED DEWEY DECIMAL CALL NUMBER |
| Número de clasificación |
373.83 |
| Número de ítem (Cutter) |
S678h 1ro. 2014 |
| 245 00 - MENCIÓN DE TITULO |
| Título |
Sociedad 1 ; histroria y geografía universal |
| Subtítulo |
educación media / |
| Mención de responsabilidad |
Ana Iris Almonte Ysiano... [et al.] ; dirección editorial Obdulia García de Escobar Claudia Llibre ; editores Fanny Capellán Almonte , Eric Castro Ricart. |
| 260 ## - PUBLICACIÓN, DISTRIBUCIÓN, ETC. (PIE DE IMPRENTA) |
| Lugar de publicación, distribución, etc |
Santo Domingo : |
| Nombre del editor, distribuidor, etc. |
Santillana, |
| Fecha de publicación, distribución, etc |
2014. |
| 300 ## - DESCRIPCIÓN FÍSICA |
| Extensión |
295 p. : |
| Otros detalles físicos |
il., mapas., retrs. ; |
| Dimensiones |
28 cm. |
| 490 1# - MENCIÓN DE SERIES |
| Mención de serie |
Innova |
| 500 ## - NOTA GENERAL |
| Nota general |
Educación média/1er. grado/1er. ciclo |
| 505 0# - NOTA DE CONTENIDO |
| Información miscelánea |
v. 1 : |
| -- |
Historia y geografía universal -- |
| Título |
Las ciencias sociales -- |
| -- |
Los orígenes de la humanidad -- |
| -- |
Culturas clásicas de Oriente -- |
| -- |
Civilización griega -- |
| -- |
Civilización romana -- |
| -- |
El imperio Bizantino -- |
| -- |
Orígen y expansión del Imperio Islámico -- |
| -- |
Edad Media y sociedad feudal -- |
| -- |
Proyecto de investigación: La cultura dominicana en la prehistoria y su evolución hasta el siglo XX. |
| -- |
La Edad Moderna -- |
| -- |
La edad contempóranea -- |
| -- |
Los cambios en el siglo XX -- |
| -- |
La geografía -- |
| -- |
La tierra -- |
| -- |
El medio físico -- |
| -- |
Los continentes -- |
| -- |
La población mundial -- |
| -- |
La economía mundial -- |
| -- |
El mundo organizado -- |
| -- |
Proyecto de investigación: Simular un modelo de las Naciones Unidas. |
| 650 #4 - ENCABEZAMIENTO DE MATERIA--TEMÁTICO |
| Término temático o nombre geográfico como elemento de entrada |
CIENCIAS SOCIALES |
| Subdivisión temática general |
ENSEÑANZA SECUNDARIA |
| 650 #4 - ENCABEZAMIENTO DE MATERIA--TEMÁTICO |
| Término temático o nombre geográfico como elemento de entrada |
CIENCIAS SOCIALES |
| Subdivisión temática general |
ESTUDIOS Y EJERCICÍOS |
| 650 #4 - ENCABEZAMIENTO DE MATERIA--TEMÁTICO |
| Término temático o nombre geográfico como elemento de entrada |
CIENCIAS SOCIALES |
| Subdivisión temática general |
LIBROS DE TEXTOS |
| 650 #4 - ENCABEZAMIENTO DE MATERIA--TEMÁTICO |
| Término temático o nombre geográfico como elemento de entrada |
CIENCIAS SOCIALES |
| Subdivisión temática general |
EDUCACIÓN SECUNDARIA |
| 650 #4 - ENCABEZAMIENTO DE MATERIA--TEMÁTICO |
| Término temático o nombre geográfico como elemento de entrada |
EDUCACIÓN SECUNDARIA |
| Subdivisión geográfica |
REPÚBLICA DOMINICANA |
| 700 1# - ASIENTO SECUNDARIO -- NOMBRE PERSONAL |
| Nombre personal |
Almonte Ysiano, Ana Iris |
| 700 12 - ASIENTO SECUNDARIO -- NOMBRE PERSONAL |
| Nombre personal |
García de Escobar, Obdulia |
| Mención de responsabilidad |
ed. |
| 700 12 - ASIENTO SECUNDARIO -- NOMBRE PERSONAL |
| Nombre personal |
Llibre, Claudia |
| Mención de responsabilidad |
ed. |
| 700 12 - ASIENTO SECUNDARIO -- NOMBRE PERSONAL |
| Nombre personal |
Capellán Almonte, Fanny |
| Mención de responsabilidad |
ed. |
| 700 12 - ASIENTO SECUNDARIO -- NOMBRE PERSONAL |
| Nombre personal |
Castro Ricart, Eric |
| Materiales especificados |
ed. |
| 830 #0 - ASIENTO SECUNDARIO DE SERIE--TÍTULO UNIFORME |
| Título uniforme |
Innova |
| 910 ## - VALIDACIÓN |
| Validación |
Validado. Control de calidad MFF |
| 942 ## - ADDED ENTRY ELEMENTS (KOHA) |
| Source of classification or shelving scheme |
Dewey Decimal Classification |
| Koha item type |
Libros |
| 945 ## - INFORMACIÓN DE PROCESAMIENTO LOCAL |
| Información de procesamiento local |
Remanejado para la BNPHU / 2018 BT |
| 956 ## - LOCAL ELECTRONIC LOCATION AND ACCESS (OCLC) |
| Nombre de host |
YLOCKWARD |
| Número de acceso |
10 |
| Información de compresión |
20150708 |
| Inicio de sesión |
BND01 |
| Procesador de solicitud |
1342 |
| 956 ## - LOCAL ELECTRONIC LOCATION AND ACCESS (OCLC) |
| Nombre de host |
VMATEO |
| Número de acceso |
10 |
| Información de compresión |
20150708 |
| Inicio de sesión |
BPMSU |
| Procesador de solicitud |
00151 |
| 956 ## - LOCAL ELECTRONIC LOCATION AND ACCESS (OCLC) |
| Nombre de host |
LOPEREZ |
| Número de acceso |
10 |
| Información de compresión |
2016 |
| Inicio de sesión |
20160407 |
| Procesador de solicitud |
0041 |